| 000 | 01310naa a22003137a 4500 | ||
|---|---|---|---|
| 001 | BR9401227 | ||
| 003 | BR-BrBNA | ||
| 005 | 20240918181117.0 | ||
| 007 | ta | ||
| 008 | 230509b bl.||||| |||| 00| 0 por d | ||
| 040 |
_aBR-BrBNA _bpor _cBiblioteca Nacional de Agricultura |
||
| 041 | _a(Pt) | ||
| 072 | _aU10; N20 | ||
| 090 | _aU10 BR9401227 | ||
| 100 | 1 | _aAbrahao, R.F. | |
| 100 | 1 | _aCapelli, N.L. | |
| 100 | 1 | _aSverzut, C.B. | |
| 100 | 1 | _aPierossi, M. de A. | |
| 111 | 1 |
_a21. Congresso Brasileiro de Engenharia Agricola1. Simposio de Engenharia Agricola do Cone Sul _cSanta Maria, RS (Brazil) _d27-31 Jul 1992 |
|
| 245 | 1 | _aOtimizacao de um elemento mecanico de uma forrageira: um trabalho de engenharia reversa | |
| 260 | 3 |
_aSanta Maria, RS (Brasil): _c1992. |
|
| 500 | _a21. Congresso Brasileiro de Engenharia Agricola e 1. Simposio de Engenharia Agricola do Cone Sul Santa Maria, RS (Brasil): 1992. v. 3 p. 1508-1520 (BR9401227-AM)U10 | ||
| 650 | _aMecanizacao Agricola | ||
| 650 | _aColheitadeira | ||
| 650 | _aProcessamento da Informacao | ||
| 773 | 0 |
_t21. Congresso Brasileiro de Engenharia Agricola e 1. Simposio de Engenharia Agricola do Cone Sul _wU10 BR9401227 _gSanta Maria, RS (Brasil), 1992. v. 3 p. 1508-1520 |
|
| 909 |
_a202404 _bLucia _c55 _dLucia Elande |
||
| 942 |
_cAM _2AGRIS |
||
| 999 |
_c323668 _d323668 |
||